000 00663nam a2200241 a 4500
001 nice12345678
003 IN_TiNIC
005 20260116011342.0
008 050524s1967 mula grp 000 0 urd
020 _a
_c4
082 0 0 _a500.80297
_bNAQ
100 _aNaqshbandi, Abu Masud
245 _aKhalai Taskheer Awr Quran Kareem
260 _aMultan
_bIdara Farogh-E-Islam
_c1967
300 _a248p
500 _aincludes index and biblioraphy
505 2 _aunited nations conference on trade and development.Feb 1 to march 25 1968.
650 _aQuran and Science
700 1 _aNaqshbandi, Abu Masud
902 _bSRS
942 _cBK
999 _c765
_d765